Usnesení ze 16. zasedání ústřední rady ČSVTS, konaného dne 10. března 1988 v Praze

Bibliographic Details
Format: Article
Language:Czech
Subjects:

MARC

LEADER 00000nab a2200000 a 4500
001 vtls000335516
003 SK-MaSNL
005 20260302225414.0
008 150602c1988 xo 0 cze
015 |a SNBRB19rr/mm-uuuuu 
035 |a CL0335638 
040 |a SNKBUCL  |b slo  |c SNKBUCL  |e AACR2 
041 0 |a cze 
044 |a xo  |c SK 
080 |a 608:061.25(437)  |2 1981 
080 |a 061.25(437)  |2 1981 
245 0 0 |a Usnesení ze 16. zasedání ústřední rady ČSVTS, konaného dne 10. března 1988 v Praze 
610 2 7 |a Československá vedecko-technická spoločnosť  |2 snkbucl  |9 440198 
655 7 |a články z novín a časopisov  |2 snkbucl  |9 267496 
773 0 |t Technická práca  |g Roč. 40, č. 7 (1988) 
850 |a Slovenská národná knižnica v Martine  |a MTA001 
852 |a SNK  |b KIS3GCP 
957 |a 3100 
958 |a RK 
958 |a CZ 
992 |a RBX 
999 |c 1528913  |d 1530843